ბათუმის შოთა რუსთაველის სახელმწიფო უნივერსიტეტის ბიბლიოთეკა

ჰიდრავლიკა : სახელმძღვანელო / (ბიბ.ჩანაწერი № 38406)

000 -ლიდერი
ფიქსირებული სიგრძის საკონტროლო ველი 00819nam a2200217Ia 4500
001 - საკონტროლო ნომერი
საკონტროლო ველი 4417
003 - საკონტროლო ნომრის იდენტიფიკატორი
საკონტროლო ველი GE_BSU
005 - ბოლო ოპერაციის თარიღი და დრო
საკონტროლო ველი 20190516161424.0
008 - ფიქსირებული სიგრძის მონაცემთა ელემენტები - ზოგადი ინფორმაცია
ფიქსირებული სიგრძის საკონტროლო ველი 181216s1985||||ge |||||||||||||| ||geo||
040 ## - კატალოგიზაციის წყარო
Transcribing agency GE_BSU
041 ## - ენის კოდი
Language code of text/sound track or separate title geo
080 ## - უნივერსალური ათობითი კლასიფიკაციის ინდექსი
Universal Decimal Classification number 532(075.8) პ–18
100 ## - მთავარი ჩანაწერი - პიროვნების სახელი
Personal name პაპაშვილი,ა.
9 (RLIN) 1255
245 ## - ცნობა სათაურის შესახებ
Title ჰიდრავლიკა : სახელმძღვანელო /
Statement of responsibility, etc ა.პაპაშვილი ; რედ : პ. ლაპარტყავა.
264 ## - წარმოების, გამოცემის, დისტრიბუციის და სხვა ცნობები
გამოცემის, წარმოების, დისტრიბუციის... ადგილი თბილისი :
გამოცემის, წარმოების, დისტრიბუციის... სახელწოდება განათლება,
გამოცემის, წარმოების, დისტრიბუციის... თარიღი 1985.
300 ## - ფიზიკური აღწერა
Extent 402 გვ .;
Dimensions 20 სმ.
653 ## - INDEX TERM--UNCONTROLLED
Uncontrolled term ჰიდრავლიკა
653 ## - INDEX TERM--UNCONTROLLED
Uncontrolled term ჰიდრომექანიკა
700 ## - ADDED ENTRY--PERSONAL NAME
Personal name ლაპარტყავა, პ
Relator term რედაქტორი
9 (RLIN) 1256
942 ## - ADDED ENTRY ELEMENTS (KOHA)
Koha item type წიგნი
Source of classification or shelving scheme
ეგზემპლარები
ჩამოწერის სტატუსი დაკარგული ეგზემპლარის სტატუსი კლასიფიკაციის წყარო ან თაროზე გაწყობის სქემა დაზიანების სტატუსი არ გაიცემა მუდმივი მდებარეობა (დაცვის ადგილი) ამჟამინდელი ადგილსამყოფელი თაროზე განთავსების ადგილი შეძენის თარიღი ღირებულება, შესყიდვის ნორმალური ფასი სრული შენახვის შიფრი შტრიხკოდი ბოლო ოპერაციის თარიღი ეგზემპლარის მიმდევრობითი ნომერი (კეტერი?) ფასის ძალაში შესვლის თარიღი ეგზემპლარის სახეობა საჯარო შენიშვნა
          ტექნოლოგიური ფაკულტეტის ბიბლიოთეკა ტექნოლოგიური ფაკულტეტის ბიბლიოთეკა წიგნსაცავი 2018-12-17 1.00 532(075.8) პ–18 8639 2018-12-17 8639 2018-12-17 წიგნი 1 ლ.80თ.
          ტექნოლოგიური ფაკულტეტის ბიბლიოთეკა ტექნოლოგიური ფაკულტეტის ბიბლიოთეკა წიგნსაცავი 2018-12-17 1.00 532(075.8) პ–18 8640 2018-12-17 8640 2018-12-17 წიგნი 1 ლ. 80თ.
          ტექნოლოგიური ფაკულტეტის ბიბლიოთეკა ტექნოლოგიური ფაკულტეტის ბიბლიოთეკა წიგნსაცავი 2018-12-17 1.00 532(075.8) პ–18 8641 2018-12-17 8641 2018-12-17 წიგნი 1 ლ. 80 თ.
          ტექნოლოგიური ფაკულტეტის ბიბლიოთეკა ტექნოლოგიური ფაკულტეტის ბიბლიოთეკა წიგნსაცავი 2019-06-04 1.00 532(075.8) პ–18 10418 2019-06-04 10418 2019-06-04 წიგნი 1 ლ. 80 თ
          ტექნოლოგიური ფაკულტეტის ბიბლიოთეკა ტექნოლოგიური ფაკულტეტის ბიბლიოთეკა წიგნსაცავი 2019-06-04 1.00 532(075.8) პ–18 10419 2019-06-04 10419 2019-06-04 წიგნი 1 ლ. 80 თ.